| 000 | 00891nam a22002537a 4500 | ||
|---|---|---|---|
| 003 | EG-ScBUE | ||
| 005 | 20221213103106.0 | ||
| 008 | 090212s2006 enkabc f b 000 0deng d | ||
| 020 | _a0500286310 | ||
| 020 | _a9780500286319 | ||
| 040 |
_aEG-ScBUE _beng _erda _cEG-ScBUE _dEG-ScBUE |
||
| 043 | _ae-uk-en | ||
| 082 | 0 | 4 |
_222 _a728.02860942 _bDAV |
| 245 | 0 | 0 |
_aDavid Adjaye Houses : _brecycling reconfiguringre building / _cedited by Peter Allison. |
| 264 | 1 |
_aLondon : _bThames & Hudson, _c2006. |
|
| 300 |
_a256 pages : _billustrations (chiefly color), maps, portraits ; _c25 cm |
||
| 504 | _aIncludes bibliographical references. | ||
| 600 | 1 | 7 |
_aAdjaye, David, _d1966- _xCriticism and interpretation. _2BUEsh |
| 650 | 7 |
_aArchitecture, Domestic _zEngland _zLondon. _2BUEsh |
|
| 653 | _bENGARC | ||
| 655 | _vReading book | ||
| 700 | 1 |
_aAllison, Peter, _d1944- _eeditor. |
|
| 942 |
_2ddc _cBB |
||
| 999 |
_c10826 _d10826 |
||